00612nam a22002057a 450000500170000001000130001702000270003003500130005703500170007003700150008703700120010208200080011410000170012224500990013925000120023826000700025027000530032030000210037350000120039420130527160430.0 aB-492661 a9788177585414c750.00  aB-492661 aB-506558-559 bAllied Pub bKKP/Ven a547 aFinar, I. L. aOrganic Chemistry :cby I. L. Finar bstereochemistry and the chemistry of natural products / a5th ed. aNew DelhibDorling Kindersley(India) with Pearson Educationc2013 a11, community centre, panchsheel ParkbNew Delhi a956pc25 cm (pb) aVol. -2